Ochrana majetku v socialistickom vlastníctve z hľadiska Zákonníka práce

Saved in:
Bibliographic Details
Main Author: Mamojka, Mojmír
Format: Book
Language:Slovak
Published: Bratislava Práca 1987
Edition:1. vyd.
Series:Knižnica mzdových a pracovnoprávnych príručiek Zv.11/87
Tags: Add Tag
No Tags, Be the first to tag this record!

MARC

LEADER 00000nam a2200000 4500
001 c024461
005 20250117085749.6
041 0 |a slo 
044 |a SK 
245 1 0 |a Ochrana majetku v socialistickom vlastníctve z hľadiska Zákonníka práce  |c Mojmír Mamojka 
250 |a 1. vyd. 
264 1 |a Bratislava  |b Práca  |c 1987 
300 |a 78 s. 
490 1 |a Knižnica mzdových a pracovnoprávnych príručiek  |v Zv.11/87 
830 0 |a Knižnica mzdových a pracovnoprávnych príručiek  |v Zv.11/87 
100 1 |a Mamojka, Mojmír